Catálogo
 En Linea

Catálogo de la Cancilleria de Enrique IV de Castilla señor del principado de Cataluña : (Registro nro. 40684)

Detalles MARC
000 -CABECERA
campo de control de longitud fija 00782nam a2200181 a 4500
001 - NÚMERO DE CONTROL
campo de control 000041194
005 - FECHA Y HORA DE LA ÚLTIMA TRANSACCIÓN
campo de control 20201002034709.0
008 - DATOS DE LONGITUD FIJA--INFORMACIÓN GENERAL
campo de control de longitud fija 130925s1975 sp 000 0 spa d
020 ## - NÚMERO INTERNACIONAL ESTÁNDAR DEL LIBRO
Número Internacional Estándar del Libro 8400042123
040 ## - FUENTE DE LA CATALOGACIÓN
Centro catalogador/agencia de origen DO-SdBNP
Lengua de catalogación spa
Centro/agencia transcriptor BNPHU
100 1# - ENTRADA PRINCIPAL--NOMBRE DE PERSONA
Nombre de persona Sobrequés i Callicó, Jaume.
9 (RLIN) 67766
245 10 - MENCIÓN DE TÍTULO
Título Catálogo de la Cancilleria de Enrique IV de Castilla señor del principado de Cataluña :
Resto del título (lugartenencia de Juan de Beaumont, 1462-1464) /
Mención de responsabilidad, etc. Jaime Sobrequés Callicó.
260 ## - PUBLICACIÓN, DISTRIBUCIÓN, ETC.
Lugar de publicación, distribución, etc. Barcelona :
Nombre del editor, distribuidor, etc. Consejo Superior de Investigaciones Científicas,
Fecha de publicación, distribución, etc. 1975.
490 1# - MENCIÓN DE SERIE
Mención de serie Anuario de estudios medievales.
-- anejo ;
Designación de volumen o secuencia 7
504 ## - NOTA DE BIBLIOGRAFÍA, ETC.
Nota de bibliografía, etc. xi, 508 p. ;
-- 25 cm.
710 2# - PUNTO DE ACCESO ADICIONAL--NOMBRE DE ENTIDAD CORPORATIVA
Nombre de entidad corporativa o nombre de jurisdicción como elemento de entrada Consejo Superior de Investigaciones Científicas
9 (RLIN) 4786
830 #0 - PUNTO DE ACCESO ADICIONAL DE SERIE-TÍTULO UNIFORME
Título uniforme Anuario de estudios medievales.
Nombre de parte o sección de la obra anejo ;
Designación de volumen o secuencia 7
9 (RLIN) 64050
Existencias
Estado de retiro Estado de pérdida Restricciones de uso No para préstamo Código de colección Localización permanente Ubicación/localización actual Ubicación en estantería Fecha de adquisición Número de inventario Total de préstamos Signatura topográfica completa Código de barras Fecha visto por última vez Precio válido a partir de Tipo de ítem Koha
      Excluido de préstamo Monografías: Libros y Folletos General General En catalogación 25.09.2013 LF1   41194-10 25.06.2020 25.06.2020 No se presta

Con tecnología Koha